Kategorické štruktúry a ich aplikácie v informatike /

Guardado en:
Detalles Bibliográficos
Autor principal: Novitzká, Valerie (Autor)
Otros Autores: Slodičák, Viliam, Plavka, Ján (Revisador), Mokriš, Igor (Revisador)
Formato: Libro
Lenguaje:eslovaco
Publicado: Košice [S.N.] 2010
Edición:1. vyd.
Etiquetas: Agregar Etiqueta
Sin Etiquetas, Sea el primero en etiquetar este registro!

MARC

LEADER 00000nam a22000003a 4500
001 0016065
003 SK-STU
005 20160718145554.9
007 ta
008 160718s ----xo-----e------000-0-----d
020 |a 978-80-89284-67-2 
040 |a STU  |b slo 
041 0 |a slo  |h slo 
044 |a xo 
100 1 |a Novitzká, Valerie  |4 aut 
245 1 0 |a Kategorické štruktúry a ich aplikácie v informatike /  |c aut. Valerie Novitzká, Viliam Slodičák ; rec. Ján Plavka, Igor Mokriš 
250 |a 1. vyd. 
260 |a Košice  |b [S.N.]  |c 2010 
300 |a 247 s. 
700 1 |a Slodičák, Viliam  |r Z5 
700 1 |a Plavka, Ján  |r Z5  |4 rev 
700 1 |a Mokriš, Igor  |4 rev  |r Z5 
996 |c I*8M11046  |l I  |s A  |a 24  |w 0016065_0001